000 00610nam a22001937a 4500
003 DO-SdBNP
005 20180307131810.0
008 171108b 2003 mx a ||||| |||| 00| 0 spa d
020 _a9685004447
040 _aBPMSU
_bspa
_cBPMSU
092 _axxxx
_bxxxx
240 0 0 _aLearn from the Great Teacher.
_lEspaƱol
245 0 0 _aAprendamos del Gran Maestro.
_cWatch Tower Bible and Tract Society of Pennsylvania.
260 _aMexico :
_bEditores D.R.,
_c2003.
300 _a[256] p. :
_bil. ;
_c23 cm.
942 _2ddc
_cBK
945 _aInventariado 2017 /LP
956 _aLOPEREZ
_b10
_c20171108
_d0041
999 _c12788
_d12788